Some aspects of the study of literature (Record no. 7865)

MARC details
000 -LEADER
fixed length control field 00473cam a2200193ua 4500
001 - CONTROL NUMBER
control field 8774
005 - DATE AND TIME OF LATEST TRANSACTION
control field 20260515114357.0
008 - FIXED-LENGTH DATA ELEMENTS--GENERAL INFORMATION
fixed length control field 150214n ii |||gr||||Z||||||eng
040 ## - CATALOGING SOURCE
Transcribing agency MAIN
041 ## - LANGUAGE CODE
Language code of text/sound track or separate title eng
082 ## - DEWEY DECIMAL CLASSIFICATION NUMBER
Classification number 800
100 ## - MAIN ENTRY--PERSONAL NAME
Personal name Dutta, K.,
Relator term Author.,
245 1# - TITLE STATEMENT
Title Some aspects of the study of literature
Statement of responsibility, etc. By Kalyannath Dutta
250 ## - EDITION STATEMENT
Edition statement 4th rev.
260 ## - PUBLICATION, DISTRIBUTION, ETC.
Place of publication, distribution, etc. Calcutta:
Name of publisher, distributor, etc. Sribhumi,
Date of publication, distribution, etc. 1993.
300 ## - PHYSICAL DESCRIPTION
Extent 326p.
653 ## - INDEX TERM--UNCONTROLLED
Uncontrolled term Literature & rhetoric
942 ## - ADDED ENTRY ELEMENTS (KOHA)
Koha item type Books
Holdings
Withdrawn status Lost status Damaged status Not for loan Home library Current library Shelving location Date acquired Total checkouts Full call number Barcode Date last seen Copy number Price effective from Koha item type
        Naharkatiya College Library Naharkatiya College Library General stacks 09/19/2020   800 | DUT 4357 09/19/2020 1 09/19/2020 Books